| 000 | 00644nam a2200181 4500 | ||
|---|---|---|---|
| 008 | 171211b xxu||||| |||| 00| 0 eng d | ||
| 020 | _a0312066554 | ||
| 082 |
_21993 _aDC 808.82 _bJ15 |
||
| 245 |
_aThe Bedford introduction to drama / _c [compiled by] Lee A. Jacobus. |
||
| 250 | _aSecond edition. | ||
| 260 |
_aBoston : _bBedford Books of St. Martin's Press, _c©1993. |
||
| 300 |
_axviii, 1435 pages : _billustrations ; _c24 cm. |
||
| 500 | _aIncludes bibliographical references. | ||
| 650 | 0 |
_924777 _aDrama _xCollections |
|
| 650 | 0 |
_924778 _aDrama _xHistory and criticism. |
|
| 700 |
_924779 _aJacobus, Lee A., compiler. |
||
| 942 |
_2ddc _cDC |
||
| 999 |
_c8034 _d8034 |
||